000 01087nam a22002417a 4500
005 20170124103054.0
010 _aB-175255
020 _c00.00
035 _aB-175255
037 _bCen Lib/Ret
040 _aDPL
_bHN
082 _a
_bमिश्रभ
100 _aमिश्र, भगवतीशरण
_971365
245 _aमें भीष्म बोल रहा हूँ :
_cभगवतीशरण मिश्र
_bभीष्म पितामह के रोमांचक जीवन पर आधारित उपन्यास /
246 _aMain Bheeshm mol raha hu : Bhishm Pitamah ke romanchak jeevan par adharit upnyas /
_bby Bhagavatisharan Mishr
260 _bराजपाल
300 _a216पृ.
_c19सेमी(सजिल्द )
650 _aहिंदी साहित्य
_x
_z
_971366
650 _aहिंदी साहित्य
_xउपन्यास
_942619
650 _aHindi literature
_971367
650 _aHindi literature
_xfiction
_971368
942 _2ddc
_cHN
_h
_mमिश्रभ
999 _c117327
_d117327